Nghiên cứu chiết tách protein từ hạt cây chùm ngây và ứng dụng trong xử lý nước đục

Nghiên cứu quy trình chiết tách protein từ hạt cây chùm ngây, ứng dụng nó trong việc xử lí nước đục.

में बचाया:
ग्रंथसूची विवरण
मुख्य लेखक: Nguyễn Văn Tài
अन्य लेखक: Lê Tự Hải PGS.TS. (Hướng dẫn)
स्वरूप: पुस्तक
भाषा:Vietnamese
प्रकाशित: Đà Nẵng Đại học Đà Nẵng 2015
विषय:
टैग : टैग जोड़ें
कोई टैग नहीं, इस रिकॉर्ड को टैग करने वाले पहले व्यक्ति बनें!
Thư viện lưu trữ: Mạng thư viện Đại học Đà Nẵng
LEADER 01668nam a2200373 4500
001 000023819
003 20272
005 20160325150355.0
008 160315s2015 viesd
041 |a vie 
082 1 4 |a 615.32364  |b NG-T 
100 1 |a Nguyễn Văn Tài 
245 1 |a Nghiên cứu chiết tách protein từ hạt cây chùm ngây và ứng dụng trong xử lý nước đục  |c Nguyễn Văn Tài ; Lê Tự Hải hướng dẫn.  |k Luận văn Thạc sĩ 
260 |a Đà Nẵng  |b Đại học Đà Nẵng  |c 2015 
300 |a 79 tr. ; phụ lục 3 tr.  |c 29 cm.  |e Tóm tắt 
500 |a Luận văn thạc sĩ Khoa học. Chuyên ngành: Hóa hữu cơ. Mã số: 60.44.01.14 
520 3 |a Nghiên cứu quy trình chiết tách protein từ hạt cây chùm ngây, ứng dụng nó trong việc xử lí nước đục. 
650 0 4 |a Cây chùm ngây  |v Luận văn tốt nghiệp  |x Ứng dụng làm chất keo  |x Nghiên cứu chiết tách 
653 |a Chiết tách protein 
653 |a Cây chùm ngây 
653 |a Hóa hữu cơ 
653 |a Xử lý nước đục 
653 |a Chất keo tụ 
700 1 |a Lê Tự Hải  |c PGS.TS.  |e Hướng dẫn 
OWN |a LSP 
AVA |a UDN50  |b LSP  |d 615.32364 NG-T  |e available  |t Error 5001 Not defined in file expand_doc_bib_avail.  |f 1  |g 0  |h N  |i 0  |k 1 
999 |a From the UDN01 
AVA |a UDN50  |b LSP  |d 615.32364 NG-T  |e available  |t Error 5001 Not defined in file expand_doc_bib_avail.  |f 1  |g 0  |h N  |i 0  |k 1 
TYP |a Monograph 
TYP |a Printed language 
980 |a Mạng thư viện Đại học Đà Nẵng